Vidiecky cestovný ruch a agroturistika v procese investovania a spájania

Gespeichert in:
Bibliographische Detailangaben
1. Verfasser: Kerekeš, Juraj
Format: Buch
Sprache:Slowakisch
Veröffentlicht: [S.l.] 1000 kníh - vydajte si knihu online 2017
Schlagworte:
Tags: Tag hinzufügen
Keine Tags, Fügen Sie das erste Tag hinzu!

MARC

LEADER 00000nlm a2200000 4500
001 0243915
005 20220830091402.6
041 0 |a slo 
044 |a SK 
245 1 0 |a Vidiecky cestovný ruch a agroturistika v procese investovania a spájania  |c Juraj Kerekeš 
264 1 |a [S.l.]  |b 1000 kníh - vydajte si knihu online  |c 2017 
300 |a 56 s. 
610 2 0 |a ruch cestovný 
610 2 0 |a turistika 
610 2 0 |a agroturistika 
610 2 0 |a vidiek 
610 2 0 |a regióny 
610 2 0 |a rozvoj regionálny 
610 2 0 |a rozvoj vidieka 
610 2 0 |a ubytovanie 
610 2 0 |a gastronómia 
610 2 0 |a financovanie 
610 2 0 |a fondy Európskej únie 
610 2 0 |a programy operačné 
100 1 |a Kerekeš, Juraj